01665nam a2200445 i 450000100060000000300080000600500170001400600190003100700150005000800410006502000180010602000270012403500230015103500240017403500250019803500210022304000310024405000190027508200150029410000160030924500660032525000230039126400460041430000250046033600310048533700330051633800430054949000380059250000450063050400290067558801280070459001640083265000330099665000260102965500270105579700190108283000390110185600620114099900170120267571FlNmELB20241217142823.0m o d | cr cnu||||||||140221s2012 sp ob 001 0 spa d z9788471124807 a9788471127648 (e-book) a(MiAaPQ)EBC3217765 a(Au-PeEL)EBL3217765 a(CaPaEBR)ebr10831982 a(OCoLC)991927570 aFINmELBbspaerdacFINmELB 4aH62bF621 20120 a300.722231 aFlick, Uwe.10aIntroducción a la investigación cualitativa /cUwe Flick. aTercera edición. 1aMadrid :bEdiciones Morata, S. L.,c2012. a1 recurso en línea atextobtxt2rdacontent/spa acomputadorabc2rdamedia/spa arecurso en líneabcr2rdacarrier/spa1 aColección Educación crítica aContiene índice de autores y materias. aContiene bibliografía. aDescripción basada en recurso en línea; Título de la página del título en PDF (e-libro, visto February 20, 2014). aRecurso electrónico. Santa Fe, Arg.: e-libro, 2015. Disponible vía World Wide Web. El acceso puede estar limitado para las bibliotecas afiliadas a e-libro. 4aInvestigación cualitativa. 0aQualitative research. 4aLibros electrónicos.2 ae-libro, Corp. 0aColección Educación crítica.40uhttps://elibro.net/ereader/politecnicointernacional/51798 c67571d67571